Progress Report on the Activities of the Independent Evaluation Office.

Since its last report, the Independent Evaluation Office (IEO) has advanced work on the two current evaluations and selected topics for three new evaluations. The evaluations of Research at the IMF: Relevance and Utilization and IMF Performance in the Run-up to the Current Financial and Economic Cri...

Descripció completa

Dades bibliogràfiques
Autor corporatiu: International Monetary Fund
Format: Revista
Idioma:English
Publicat: Washington, D.C. : International Monetary Fund, 2010.
Col·lecció:Policy Papers; Policy Paper ; No. 2010/060
Matèries:
Accés en línia:Full text available on IMF
LEADER 01607cas a2200301 a 4500
001 AALejournalIMF020106
008 230101c9999 xx r poo 0 0eng d
020 |c 5.00 USD 
020 |z 9781498336680 
022 |a 2663-3493 
040 |a BD-DhAAL  |c BD-DhAAL 
110 2 |a International Monetary Fund. 
245 1 0 |a Progress Report on the Activities of the Independent Evaluation Office. 
264 1 |a Washington, D.C. :  |b International Monetary Fund,  |c 2010. 
300 |a 1 online resource (1 pages) 
490 1 |a Policy Papers 
500 |a <strong>Off-Campus Access:</strong> No User ID or Password Required 
500 |a <strong>On-Campus Access:</strong> No User ID or Password Required 
506 |a Electronic access restricted to authorized BRAC University faculty, staff and students 
520 3 |a Since its last report, the Independent Evaluation Office (IEO) has advanced work on the two current evaluations and selected topics for three new evaluations. The evaluations of Research at the IMF: Relevance and Utilization and IMF Performance in the Run-up to the Current Financial and Economic Crisis are in the concluding stages. IEO expects to send these evaluations to the Executive Board before year-end. 
538 |a Mode of access: Internet 
650 7 |a Evaluation  |2 imf 
650 7 |a IEO Evaluation  |2 imf 
650 7 |a IEO Recommendation  |2 imf 
650 7 |a IEO Website  |2 imf 
650 7 |a PP  |2 imf 
830 0 |a Policy Papers; Policy Paper ;  |v No. 2010/060 
856 4 0 |z Full text available on IMF  |u http://elibrary.imf.org/view/journals/007/2010/060/007.2010.issue-060-en.xml  |z IMF e-Library